| 000 | 00000nam##2200000za#4500 |
| 001 | 9.518211 |
| 003 | CaOODSP |
| 005 | 20200331221355 |
| 007 | ta |
| 008 | 150406|1991||||xxc||||| f|0| 0 fre|d |
| 040 | |aCaOODSP|bfre |
| 041 | |aeng |
| 041 | |afre |
| 043 | |an-cn--- |
| 086 | 1 |aH42-2/38-1990 |
| 110 | 1 |aCanada.|bSanté et Bien-être social Canada. |bDirection générale de la protection de la santé. |
| 245 | 10|aPréparation d'une présentation de drogue nouvelle à usage humain |
| 260 | |aOttawa - Ontario : |bSanté et Bien-être social Canada. |c1991. |
| 490 | 1 |aDirectives de la Direction des médicaments |
| 546 | |aBilingue |
| 563 | |aFeuilles mobiles |
| 590 | |a91-10|b1991-03-08 |
| 691 | 07|aMédicament|2gcpds |
| 691 | 07|aIndustrie pharmaceutique|2gcpds |
| 691 | 07|aLoi sur les médicaments|2gcpds |
| 776 | 0#|tPreparation of human new drug submissions |w(CaOODSP)9.577151 |
| 776 | 0#|tPréparation d'une présentation de drogue nouvelle à l'usage humain |w(CaOODSP)9.605984 |
| 791 | |tPreparation of human new drug submissions |eeng|w(CaOODSP)9.518210 |
| 830 | #0|aDirectives de la Direction des médicaments.|w(CaOODSP)9.509399 |